000 00927 a2200241 4500
005 20260312163305.0
008 260312b |||||||| |||| 00| 0 eng d
020 _a9789354406355 (pbk)
037 _cTB
040 _aCRL
_cCRL
041 _2hin
_ahin
084 _aO152,3M80,AL R4
_qCRL
100 _aप्रेमचंद
245 _aअलंकार
260 _bफिंगरप्रिंट,
_c2024.
_aनई दिल्ली, भारत:
300 _a180पृ.
365 _b199.00
_cINR
650 _aहिन्दी कहानी
650 _aहिन्दी साहित्य
700 _aराजस्वी, एम. आई.
_eसम्पादक
_91131899
942 _cTB
_2CC
_hO152,3M80,AL R4
999 _c1679862
_d1679862